01865nam a2200325Ia 4500001001200000003000800012006001900020007001500039008004100054010001700095020001500112020001500127040002100142035002000163050002400183082002300207100001900230245009300249260004700342300002400389504005100413505067200464533015201136650002401288650003801312655002901350710001701379856012601396999001701522ebr10138013CaPaEBRm u cr cn|||||||||060519s2006 maua sb 001 0 eng d z 2006296555 z012088531X z0080458025 aCaPaEBRcCaPaEBR a(OCoLC)7682252414aTA157b.B344 2006eb04a174.962bB328e2221 aBaura, Gail D.10aEngineering ethicsh[electronic resource] :ban industrial perspective /cGail D. Baura. aBoston :bElsevier Academic Press,cc2006. axix, 220 p. :bill. aIncludes bibliographical references and index.0 aA personal engineering ethics threshold -- Options for action when an engineering ethics threshold is reached -- 1978: Ford Pinto recall -- 1981: Kansas City Hyatt Regency skywalk collapse -- 1986: Challenger space shuttle explosion -- 1989: Exxon Valdez oil spill -- 1989: San Francisco-Oakland Bay Bridge earthquake collapse -- 1994: Bjork-Shiley heart valve defect -- 1999: Y2K software conversion -- 2002: Bell Laboratories scientific fraud -- 2002: Ford Explorer rollover -- 2003: Columbia space shuttle explosion -- 2003: Guidant Ancure Endograft System -- 2003: Northeast blackout -- 2004: Indian Ocean tsunami -- Anonymous industrial engineering ethics cases. aElectronic reproduction.bPalo Alto, Calif. :cebrary,d2009.nAvailable via World Wide Web.nAccess may be limited to ebrary affiliated libraries. 0aEngineering ethics. 0aEngineering ethicsvCase studies. 7aElectronic books.2local2 aebrary, Inc.40uhttp://site.ebrary.com/lib/rucke/Doc?id=10138013zAn electronic book accessible through the World Wide Web; click to view c83581d83581